LEADER 01095nam 2200397 450 001 9910165103203321 005 20230808193515.0 010 $a1-5040-3837-1 035 $a(CKB)3710000000722592 035 $a(MiAaPQ)EBC4536700 035 $a(EXLCZ)993710000000722592 100 $a20160617d2016 uy| 1 101 0 $aeng 135 $aurcnu|||||||| 181 $2rdacontent 182 $2rdamedia 183 $2rdacarrier 200 10$aCurrent affairs /$fBarbara Raskin 210 1$aNew York :$cOpen Road Integrated Media,$d2016. 215 $a1 online resource (187 pages) 606 $aIran-Contra Affair, 1985-1990$vFiction 606 $aOfficial secrets$vFiction 606 $aJournalists$vFiction 606 $aSisters$vFiction 615 0$aIran-Contra Affair, 1985-1990 615 0$aOfficial secrets 615 0$aJournalists 615 0$aSisters 700 $aRaskin$b Barbara$01375435 801 0$bMiAaPQ 801 1$bMiAaPQ 801 2$bMiAaPQ 906 $aBOOK 912 $a9910165103203321 996 $aCurrent affairs$93409857 997 $aUNINA